000 00777nam a2200277 i 4500
001 15757
003 DO-SdUEMH
005 20260129211102.0
007 ta
008 211105s2004||||dr |||gr|||| 0|| | spa d
040 _aDO-SdUEMH
_bspa
_erda
041 _aspa
082 1 4 _aRD 347.0697293 M948D
_mRD
_bM948
084 _b11-00035
100 1 _aMueses Henríquez, René
_eaut
245 _aDerecho Administrativo Dominicano /
_cRené Mueses Henríquez
260 _c2004
264 1 _aSanto Domingo, República Dominicana :
_bSerrallés, S. A.,
_c2004
264 4 _c©2004
300 _a252 páginas :
_c22 cm.
336 _2rdacontent
_atexto
_btxt
337 _2rdamedia
_asin mediación
_bn
338 _2rdacarrier
_avolumen
_bnc
942 _2ddc
_cBK
_n0
999 _c15757
_d15757